| 000 | 01000cam a2200289 a 4500 | ||
|---|---|---|---|
| 999 |
_c436 _d436 |
||
| 001 | 11874763 | ||
| 003 | ALUPE UNIVERSITY | ||
| 005 | 20210614084132.0 | ||
| 008 | 991221s2001 nyua b 001 0 eng | ||
| 010 | _a 99087968 | ||
| 020 | _a1572599820 (comp.) | ||
| 020 | _a1572597917 | ||
| 040 |
_aDLC _cDLC _dDLC |
||
| 050 | 0 | 0 |
_aBF121 _b.M94 2001 |
| 082 | 0 | 0 |
_a150 _221 |
| 100 | 1 | _aMyers, David G. | |
| 245 | 1 | 0 |
_aPsychology / _cDavid G. Myers. |
| 250 | _a6th ed. | ||
| 260 |
_aNew York : _bWorth Publishers, _c2001. |
||
| 300 |
_a1 v. (various pagings) : _bill. (some col.) ; _c29 cm. |
||
| 504 | _aIncludes bibliographical references and indexes. | ||
| 650 | 0 | _aPsychology. | |
| 856 | 4 | 2 |
_3Publisher description _uhttp://www.loc.gov/catdir/enhancements/fy0904/99087968-d.html |
| 906 |
_a7 _bcbc _corignew _d1 _eocip _f19 _gy-gencatlg |
||
| 942 |
_2lcc _cBK _nDO |
||